000 00887nam0a22002531 4500
001 rc\3824389
005 20250530062936.0
035 _a(NLR Aleph) 007272439
090 _a5423728
_c5423728
100 _a20120410d1976 |||y0rusy50 ca
101 0 _arus
102 _aRU
_aRU
105 _aa z |||||
200 1 _aВысокое мастерство - основа успеха
210 _aЛенинград
_cЛениздат
_d1976
215 _a92 с.
_cил.
_d17
225 1 _aГерои девятой пятилетки
300 _aПеред загл. авт.: В.С. Чичеров; на обороте тит. л. - Герой Соц. Труда В.С. Чичеров
700 1 _aЧичеров
_bВ.С.
_f1933-
_gВладимир Степанович
801 0 _aRU
_bNLR
_gpsbo
801 1 _aRU
_bELAR
_2rusmarc
852 _aNLR
_j76-2/2422
942 _cBOOK
980 _aNB